| 000 | 00675nam a2200217 i 4500 | ||
|---|---|---|---|
| 001 | 89997 | ||
| 003 | ES-MaACL | ||
| 005 | 20250824052155.0 | ||
| 007 | t| | ||
| 008 | 050117s1958 cu ||||1| spa d | ||
| 080 | _a 821.134.2-23"19" | ||
| 100 | 1 |
_aLázaro, Ángel, _9240342 _d1900-1985 _eaut |
|
| 245 | 1 | 0 |
_aImagineros : _btragicomedia en tres actos y en prosa divididos en cinco jornadas / _cÁngel Lázaro. |
| 260 |
_aLa Habana : _b[s.n., _c1958] _f(Imp. Úca) |
||
| 300 |
_a100 p. ; _c20 cm. |
||
| 655 | 0 |
_aTeatro _9234794 |
|
| 852 |
_aES-MaACL _j2015-F-7 _cDEPOF |
||
| 942 |
_2udc _cFOLLETOS _n0 |
||
| 999 |
_c89997 _d89997 |
||